The Castles of Shikoku, Japan - Picture Quiz - Statistics

General Stats
  • This quiz has been taken 22 times
  • The average score is 5 of 7
Answer Stats
Picture Answer % Correct
Kochi Castle
100%
Matsuyama Castle
93%
Marugame Castle
80%
Imabari Castle
73%
Ozu Castle
73%
Uwajima Castle
67%
Kawanoe Castle
40%
No matching quizzes found
Score Distribution
Percent of People with Each Score
Percentile by Number Answered
Your Score History
You have not taken this quiz